000 00525nam a2200181Ia 4500
999 _c14133
_d14133
003 OSt
005 20201020115821.0
008 190216s9999||||xx |||||||||||||| ||und||
020 _a9781854873729
040 _coclc
082 _a133
_bWIL/G
100 _aWilson, Colin
_95976
245 4 _aThe Giant Book Of The Supernatural /
_cColin Wilson
260 _bMagpie Books Limited ,
_c1991.
_aLondon:
300 _a567p
650 _aNovel&Amp;Short Stories
942 _cBK
_2ddc
_h133
_iWIL/G
_k133
_mWIL/G